The Metaphysics of Science and Aim-Oriented Empiricism (Запис № 462158)
[ простий вигляд ]
| 000 -LEADER | |
|---|---|
| fixed length control field | 04169nam a22004695i 4500 |
| 001 - CONTROL NUMBER | |
| control field | 978-3-030-04143-4 |
| 003 - CONTROL NUMBER IDENTIFIER | |
| control field | DE-He213 |
| 005 - DATE AND TIME OF LATEST TRANSACTION | |
| control field | 20200904105942.0 |
| 007 - PHYSICAL DESCRIPTION FIXED FIELD--GENERAL INFORMATION | |
| fixed length control field | cr nn 008mamaa |
| 008 - FIXED-LENGTH DATA ELEMENTS--GENERAL INFORMATION | |
| fixed length control field | 190309s2018 gw | s |||| 0|eng d |
| 020 ## - INTERNATIONAL STANDARD BOOK NUMBER | |
| International Standard Book Number | 9783030041434 |
| -- | 978-3-030-04143-4 |
| 024 7# - OTHER STANDARD IDENTIFIER | |
| Standard number or code | 10.1007/978-3-030-04143-4 |
| Source of number or code | doi |
| 050 #4 - LIBRARY OF CONGRESS CALL NUMBER | |
| Classification number | B67 |
| 072 #7 - SUBJECT CATEGORY CODE | |
| Subject category code | PDA |
| Source | bicssc |
| 072 #7 - SUBJECT CATEGORY CODE | |
| Subject category code | SCI075000 |
| Source | bisacsh |
| 072 #7 - SUBJECT CATEGORY CODE | |
| Subject category code | PDA |
| Source | thema |
| 082 04 - DEWEY DECIMAL CLASSIFICATION NUMBER | |
| Classification number | 501 |
| Edition number | 23 |
| 100 1# - MAIN ENTRY--PERSONAL NAME | |
| Personal name | Maxwell, Nicholas. |
| Relator term | author. |
| Relator code | aut |
| -- | http://id.loc.gov/vocabulary/relators/aut |
| 245 14 - TITLE STATEMENT | |
| Title | The Metaphysics of Science and Aim-Oriented Empiricism |
| Medium | [electronic resource] : |
| Remainder of title | A Revolution for Science and Philosophy / |
| Statement of responsibility, etc | by Nicholas Maxwell. |
| 250 ## - EDITION STATEMENT | |
| Edition statement | 1st ed. 2018. |
| 264 #1 - | |
| -- | Cham : |
| -- | Springer International Publishing : |
| -- | Imprint: Springer, |
| -- | 2018. |
| 300 ## - PHYSICAL DESCRIPTION | |
| Extent | XIV, 228 p. 3 illus. |
| Other physical details | online resource. |
| 336 ## - | |
| -- | text |
| -- | txt |
| -- | rdacontent |
| 337 ## - | |
| -- | computer |
| -- | c |
| -- | rdamedia |
| 338 ## - | |
| -- | online resource |
| -- | cr |
| -- | rdacarrier |
| 347 ## - | |
| -- | text file |
| -- | |
| -- | rda |
| 490 1# - SERIES STATEMENT | |
| Series statement | Synthese Library, Studies in Epistemology, Logic, Methodology, and Philosophy of Science, |
| Міжнародний стандартний серійний номер для назви серії (ISSN) | 0166-6991 ; |
| Том/ позначення послідовності | 403 |
| 505 0# - FORMATTED CONTENTS NOTE | |
| Formatted contents note | Preface -- Part I. Chapter 1. Early Work on The Metaphysics of Science -- Chapter 2. Subsequent Work on Essentialism and the Mind/Body Problem -- Part II. Chapter 3. Aim-Oriented Empiricism: Exposition, and Implications for Science and the Philosophy of Science -- Chapter 4. Aim-Oriented Empiricism and the Metaphysics of Science: 2007 to 2017 -- Part III. Chapter 5. Broader Implications: Academic Inquiry for a Wiser World -- Appendix. Refutation of Kripke on Rigid Designators and Essentialism. |
| 520 ## - SUMMARY, ETC. | |
| Summary, etc | This book tackles two fundamental problems: How can our human world exist and best flourish embedded as it is in the physical universe? What role do untestable, metaphysical ideas about the nature of the physical universe play in science? In connection with the first, it is argued that physics is concerned only with a highly selective aspect of all that there is - that aspect that determines how events unfold. Physics ignores human experience and consciousness, first because they are not needed to fulfil the predictive and explanatory tasks of physics, and second because they must be ignored if physics is to develop the beautifully explanatory theories that it does develop. In connection with the second fundamental problem, it is argued that physics, as a result of accepting unified theories only, makes a highly problematic metaphysical assumption about the nature of the physical universe: it is such that some unknown, unified "theory of everything" is true. Precisely because this assumption is so profoundly problematic, it needs to be made explicit within physics, so that it can be critically assessed and, we may hope, improved. The author puts forward a revolutionary philosophy of science called aim-oriented empiricism (AOE), designed to facilitate improvement in the metaphysics of physics, as physics proceeds. The author has devoted many years developing AOE and publishing papers on it. Here he spells out the implications of AOE for the metaphysics of science. The main body of the book expounds and critically assesses many key works in the metaphysics of science published from 2007 to 2018. The book concludes by considering the broader implications of aim-oriented empiricism, for science, for academic inquiry and, even, for the future of humanity. |
| 650 #0 - SUBJECT ADDED ENTRY--TOPICAL TERM | |
| Topical term or geographic name as entry element | Philosophy and science. |
| 650 14 - SUBJECT ADDED ENTRY--TOPICAL TERM | |
| Topical term or geographic name as entry element | Philosophy of Science. |
| -- | https://scigraph.springernature.com/ontologies/product-market-codes/E34000 |
| 710 2# - ADDED ENTRY--CORPORATE NAME | |
| Corporate name or jurisdiction name as entry element | SpringerLink (Online service) |
| 773 0# - HOST ITEM ENTRY | |
| Title | Springer Nature eBook |
| 776 08 - ADDITIONAL PHYSICAL FORM ENTRY | |
| Display text | Printed edition: |
| International Standard Book Number | 9783030041427 |
| 776 08 - ADDITIONAL PHYSICAL FORM ENTRY | |
| Display text | Printed edition: |
| International Standard Book Number | 9783030041441 |
| 830 #0 - SERIES ADDED ENTRY--UNIFORM TITLE | |
| Uniform title | Synthese Library, Studies in Epistemology, Logic, Methodology, and Philosophy of Science, |
| -- | 0166-6991 ; |
| Volume number/sequential designation | 403 |
| 856 40 - ELECTRONIC LOCATION AND ACCESS | |
| Uniform Resource Identifier | <a href="https://doi.org/10.1007/978-3-030-04143-4">https://doi.org/10.1007/978-3-030-04143-4</a> |
| 912 ## - | |
| -- | ZDB-2-REP |
| 912 ## - | |
| -- | ZDB-2-SXPR |
Немає доступних примірників.